[Event "SVK-ch U2400"]
[Site "Liptovsky Jan"]
[Date "2025.06.15"]
[Round "8"]
[White "Sichnenko, Grigorij"]
[Black "Skreko, Igor1"]
[Result "0-1"]
[WhiteElo "2009"]
[BlackElo "2207"]
[PlyCount "94"]
[EventDate "2025.06.12"]
[EventType "swiss"]
[EventRounds "8"]
[EventCountry "SVK"]
[SourceTitle "CB25_2025"]
[SourceDate "2025.06.18"]
[SourceVersion "1"]
[SourceVersionDate "2025.06.18"]
[SourceQuality "1"]

1. d4 Nf6 2. c4 c5 3. Nf3 cxd4 4. Nxd4 e6 5. Nc2 d5 6. cxd5 exd5 7. g3 Bc5 8. Bg2 0-0 9. 0-0 Nc6 10. Nc3 d4 11. Na4 Bb6 12. Bg5 h6 13. Bxf6 Qxf6 14. Nxb6 axb6 15. Bxc6 bxc6 16. Qxd4 Qg6 17. Qc3 c5 18. Ne3 Bb7 19. Rfd1 Rfe8 20. f3 Re7 21. Qd3 Qe6 22. Nf5 Ree8 23. Qd7 Bc8 24. Qxe6 Bxe6 25. Nd6 Red8 26. a3 Rd7 27. Ne4 Rad8 28. Rxd7 Rxd7 29. Kf1 f5 30. Nf2 Rd2 31. Nd3 Bc4 32. Ke1 Rc2 33. Rd1 Bxd3 34. Rxd3 Rxb2 35. h4 Kf7 36. Kf2 Ke6 37. f4 c4 38. Rd8 b5 39. Rb8 Kd5 40. a4 b4 41. Ke3 c3 42. a5 Kc4 43. a6 Ra2 44. Rc8+ Kb3 45. Rc6 Ra1 46. Kf2 c2 47. a7 Rxa7 0-1

[Event "SVK-ch U2400"]
[Site "Liptovsky Jan"]
[Date "2025.06.12"]
[Round "1"]
[White "Karol, Timur"]
[Black "Sichnenko, Grigorij"]
[Result "0-1"]
[WhiteElo "1604"]
[BlackElo "2009"]
[PlyCount "80"]
[EventDate "2025.06.12"]
[EventType "swiss"]
[EventRounds "8"]
[EventCountry "SVK"]
[SourceTitle "CB25_2025"]
[SourceDate "2025.06.18"]
[SourceVersion "1"]
[SourceVersionDate "2025.06.18"]
[SourceQuality "1"]

1. Nf3 c5 2. c4 Nf6 3. g3 b6 4. Bg2 Bb7 5. 0-0 e6 6. b3 Be7 7. Bb2 0-0 8. e3 Qc7 9. Nc3 a6 10. Qe2 Re8 11. d4 cxd4 12. exd4 d5 13. cxd5 Nxd5 14. Nxd5 Bxd5 15. Rac1 Qb7 16. Rc3 Nc6 17. Rcc1 Bf6 18. Rfd1 Rac8 19. Bf1 Nb4 20. Nd2 Nxa2 21. Ra1 Nb4 22. Nc4 Red8 23. Qd2 Nc6 24. Qf4 Bxc4 25. Bxc4 b5 26. Bf1 Qb6 27. Rac1 h6 28. Qe3 Rd6 29. Ba3 b4 30. Bb2 Rcd8 31. Ra1 a5 32. Bg2 Nxd4 33. Bxd4 Bxd4 34. Qe2 Bxa1 35. Rxa1 Rd2 36. Qe1 Qd4 37. Bf3 Rxf2 38. Rd1 Rd2+ 39. Kf1 Rxd1 40. Bxd1 Qxd1 0-1